Crítica de la razón práctica
Guardat en:
| Altres autors: | |
|---|---|
| Format: | Llibre |
| Idioma: | espanyol |
| Publicat: |
Buenos Aires
Losada
1961
|
| Edició: | 4a. ed |
| Col·lecció: | Biblioteca filosófica
|
| Matèries: | |
| Etiquetes: |
Afegir etiqueta
Sense etiquetes, Sigues el primer a etiquetar aquest registre!
|
MARC
| LEADER | 00000nam a2200000 a 4500 | ||
|---|---|---|---|
| 001 | UCY4538 | ||
| 003 | CL-VaPUC | ||
| 005 | 20220319074500.0 | ||
| 008 | 950316e19610000AG |||||||||||||||||spa|d | ||
| 999 | |c 232371 |d 232369 | ||
| 040 | |c Pontificia Universidad Católica de Valparaíso | ||
| 082 | 0 | 4 | |a 142.3 |b KAN |2 21 |
| 245 | 1 | 0 | |a Crítica de la razón práctica |
| 250 | |a 4a. ed | ||
| 260 | |a Buenos Aires |b Losada |c 1961 | ||
| 300 | |a 175 p | ||
| 490 | 0 | |a Biblioteca filosófica | |
| 583 | |a last modification |c 19950316 00:00:00 |k Rodrigo Vera | ||
| 650 | 0 | |a Razón |9 314475 | |
| 650 | 0 | |a Ética |9 255099 | |
| 650 | 0 | |a Filosofía alemana |9 265002 | |
| 700 | 1 | |a Rovira Armengol, J |e traductor |9 863514 | |
| 942 | |c BK |2 ddc | ||
| 945 | |d 19950316 00:00:00 |a aalvarez | ||
| 952 | |0 0 |1 0 |4 0 |6 142_300000000000000_KAN_1961 |7 0 |8 R |9 236574 |a BIBEDU |b BIBEDU |c MCIRC |d 2019-11-15 |i 3066614 |o 142.3 KAN 1961 |p 3066614 |r 2023-01-13 |w 2019-11-15 |y BK_R |k FIL | ||
| 952 | |0 0 |1 0 |4 0 |6 142_300000000000000_KAN_1961 |7 0 |8 R |9 236575 |a BIBEDU |b BIBEDU |c MCIRC |d 2019-11-15 |i 3129691 |o 142.3 KAN 1961 |p 3129691 |r 2023-01-13 |w 2019-11-15 |y BK_R |k FIL | ||
| 952 | |0 0 |1 2 |4 0 |6 142_300000000000000_KAN_1961 |7 0 |8 A |9 259225 |a BIBTEO |b BIBTEO |d 2019-11-19 |i 317669K |o 142.3 KAN 1961 |p 317669K |r 2019-11-19 |w 2019-11-19 |y BK |k ICR | ||